Selangor dahulu dan sekarang (Record no. 152034)

MARC details
000 -LEADER
fixed length control field 00686nam a2200241 i 4500
001 - CONTROL NUMBER
control field C2-0232994
003 - CONTROL NUMBER IDENTIFIER
control field PPAK
005 - DATE AND TIME OF LATEST TRANSACTION
control field 20180728090134.0
008 - FIXED-LENGTH DATA ELEMENTS--GENERAL INFORMATION
fixed length control field 010319s1985 my a|||| ||||| | may d
040 ## - CATALOGING SOURCE
Original cataloging agency PPAK
Language of cataloging eng
Transcribing agency PPAK
Description conventions rda
082 04 - DEWEY DECIMAL CLASSIFICATION NUMBER
Classification number 959.5115
Edition number 23
090 00 - LOCALLY ASSIGNED LC-TYPE CALL NUMBER (OCLC); LOCAL CALL NUMBER (RLIN)
Classification number (OCLC) (R) ; Classification number, CALL (RLIN) (NR) 959.5115
Feature heading SEL
Feature heading G
Classification number (OCLC) (R) ; Classification number, CALL (RLIN) (NR) 959.5115
Feature heading SEL
Feature heading KMI
245 00 - TITLE STATEMENT
Title Selangor dahulu dan sekarang
264 #1 - PRODUCTION, PUBLICATION, DISTRIBUTION, MANUFACTURE, AND COPYRIGHT NOTICE
Place of production, publication, distribution, manufacture Kuala Lumpur :
Name of producer, publisher, distributor, manufacturer Persatuan Muzium Malaysia ,
Date of production, publication, distribution, manufacture, or copyright notice 1985
300 ## - PHYSICAL DESCRIPTION
Extent x, 138 pages :
Other physical details illustrations ;
Dimensions 23 cm
336 ## - CONTENT TYPE
Source rdacontent
Content type term text
337 ## - MEDIA TYPE
Source rdamedia
Media type term unmediated
338 ## - CARRIER TYPE
Source rdacarrier
Carrier type term volume
650 10 - SUBJECT ADDED ENTRY--TOPICAL TERM
Topical term or geographic name entry element Selangor - History.
700 1# - ADDED ENTRY--PERSONAL NAME
Personal name Khoo, Kay Kim,
Relator term editor
942 ## - ADDED ENTRY ELEMENTS (KOHA)
-- dc
Koha item type Book
Holdings
Withdrawn Not for loan Current library Shelving location Date acquired Total Checkouts Full call number Barcode Date last seen Date last checked out Koha item type
    Perpustakaan Alor Setar Pinjaman Dewasa 19/03/2001 3 959.5115 SEL A00310531 29/02/2024 27/02/2024 Book
  Not For Loan Perpustakaan Alor Setar Koleksi Prof. Dr. Muhammad Isa Othman 08/06/2011   KMI 959.5115 SEL A00384757 31/05/2018   Book
    PD17, Kg. Binjul, Kuala Ketil Pinjaman Dewasa 20/03/2001   959.5115 SEL A00310552 31/05/2018   Book